| Tag |
First Indicator |
Second Indicator |
Subfields |
| LEADER |
00000cam a2200000 4500 |
| 001 |
in00000030548 |
| 005 |
20151007061635.0 |
| 008 |
731113s1905 enkf 00010 eng |
| 010 |
|
|
|a 06002940
|
| 035 |
|
|
|a (OCoLC)00740437
|
| 035 |
|
|
|9 AAD2644AM
|
| 040 |
|
|
|a DLC
|c KSU
|d TXA
|d UtOrBLW
|
| 049 |
|
|
|a TXAS
|v 1 [50592]
|v 2 [50593]
|
| 050 |
|
0 |
|a SB466.I8
|b P6
|
| 090 |
|
|
|a SB466.I8
|b P6 1905
|
| 092 |
|
|
|a 712
|b P557g
|
| 100 |
1 |
|
|a Phillipps, Evelyn March,
|d -1915.
|
| 245 |
1 |
4 |
|a The gardens of Italy /
|c by Charles Latham; with descriptions by E. March Phillipps.
|
| 264 |
|
1 |
|a London :
|b Country life ltd., G. Newnes ltd,
|c 1905.
|
| 300 |
|
|
|a 2 volumes :
|b frontispiece, plates. ;
|c 41 x 27 cm.
|
| 336 |
|
|
|a text
|b txt
|2 rdacontent
|
| 337 |
|
|
|a unmediated
|b n
|2 rdamedia
|
| 338 |
|
|
|a volume
|b nc
|2 rdacarrier
|
| 650 |
|
0 |
|a Gardens
|z Italy.
|
| 650 |
|
0 |
|a Landscape gardening.
|
| 650 |
|
0 |
|a Architecture
|z Italy.
|
| 700 |
1 |
|
|a Latham, Charles.
|
| 999 |
|
|
|a MARS
|
| 999 |
f |
f |
|s ccee2b7b-1e50-3b5b-abd3-5464e0cdbf77
|i b01c819c-25b9-3c13-8f98-5daaedd0f420
|t 0
|
| 952 |
f |
f |
|p noncirc
|a Texas A&M University
|b College Station
|c Cushing Memorial Library & Archives
|d Cushing: Rare Books (Does not check out)
|t 0
|e SB466.I8 P6 1905
|f Oversize
|h Library of Congress classification
|i unmediated -- volume
|
| 998 |
f |
f |
|a SB466.I8 P6 1905
|s v.1-2
|t 0
|l Cushing: Rare Books (Does not check out)
|